[Event "Robinson Cup U14"]
[Site "Hull"]
[Date "2024.07.24"]
[Round "3.2"]
[White "Shankar, Ronith"]
[Black "Rastogi, Nayan Keats"]
[Result "1/2-1/2"]
[WhiteElo "1538"]
[BlackElo "1859"]
[PlyCount "51"]
[EventDate "2024.07.23"]
[EventType "team-tourn"]
[EventRounds "5"]
[EventCountry "ENG"]
[SourceTitle "CBM 221 Extra"]
[Source "ChessBase"]
[SourceDate "2024.09.30"]
[SourceVersion "1"]
[SourceVersionDate "2024.09.30"]
[SourceQuality "1"]
[WhiteTeam "Ireland"]
[BlackTeam "England"]
[WhiteTeamCountry "IRL"]
[BlackTeamCountry "ENG"]

1. e4 c5 2. Nf3 d6 3. d4 cxd4 4. Nxd4 Nf6 5. Nc3 a6 6. Be3 e5 7. Nf3 Be7 8. h3 Nc6 9. Nd5 Nxd5 10. exd5 Nb8 11. Be2 Bf5 12. 0-0 Nd7 13. Qd2 0-0 14. Rac1 Qc7 15. Bd3 Bxd3 16. Qxd3 f5 17. Ng5 Bxg5 18. Bxg5 Nc5 19. Qc3 Qf7 20. Be3 Qxd5 21. Rfd1 Qxa2 22. Bxc5 dxc5 23. Qxe5 Qc4 24. Rd7 Rf7 25. Rxf7 Qxf7 26. Qxc5 1/2-1/2